Derecho Electoral peruano

Bibliographic Details
Main Author: Blancas Bustamante, Carlos
Format: eBook
Language:Spanish
Published: Lima: Palestra Editores, 2020
Edition:2da. Edicin̤
Subjects:
Online Access:Acceso restringido

MARC

LEADER 00000nam a22000007a 4500
005 20220822231028.0
007 cr|||| ||||
008 220822s2020 pe |||||s|||| 00||0 spa d
020 |a 9786123251628 
035 |a 36922 
040 |a vLex 
090 |c 13778  |d 13778 
100 1 |a Blancas Bustamante, Carlos 
245 1 0 |a Derecho Electoral peruano  |h [Recurso electrn̤ico] /  |c Carlos Blancas Bustamante 
250 |a 2da. Edicin̤ 
256 |a Servicio en ln̕ea 
260 |a Lima:  |b Palestra Editores,  |c 2020 
300 |a 1 recurso electrn̤ico 
500 |a Los procesos electorales ocupan un lugar predominante en el Estado democrt̀ico de derecho, pues es a travš de štos que se expresa la voluntad popular a la hora de designar a las personas que deben representar a los ciudadanos en los r̤ganos del Estado. Las normas legales que regulan dichos procesos configuran una rama del derecho que constituye el derecho electoral. Este libro aborda las materias esenciales del derecho electoral, tales como la representacin̤ polt̕ica, el derecho de sufragio, las elecciones y los sistemas electorales, las instituciones de democracia directa, los partidos polt̕icos, la administracin̤ y la justicia electoral y el proceso electoral. La perspectiva para estudiar estas materias es predominantemente jurd̕ica, pues tiene como punto de partida las normas que las regulan pero no excluye la referencia a los conocimientos aportados por la ciencia polt̕ica, la historia y otras disciplinas afines, para explicar, en mucho casos, el origen y sentido de las normas jurd̕icas. La primera edicin̤ de este libro tuvo lugar el aǫ 2016, mereciendo una generosa acogida del pb︢lico. En esta edicin̤, adems̀ de haberse ampliado diversos aspectos ter̤ico-conceptuales, para presentarlos de manera ms̀ completa, se recogen los numerosos cambios legislativos introducidos desde el aǫ 2016 y en particular desde el aǫ 2018 en el marco de la denominada “reforma polt̕ica”. Se trata, por ello, de una versin̤ ampliada y actualizada de la obra publicada el aǫ 2016 que confiamos sea de utilidad para el pb︢lico en general y, en especial, a los actores de los procesos polt̕icos y electorales. 
506 1 |a Disponible solo en los productos indicados  |d vLex Global  |d vLex Global (Academic Edition, excluding Law Schools)  |d vLex Global (U.S. Academic Edition, Law Schools)  |d vLex Global (U.S. Academic Edition, excluding Law Schools)  |d vLex Global (Academic Edition, Law Schools) 
650 0 4 |a Derecho Constitucional  |z Per︢ 
650 0 4 |a Rǧimen Electoral  |z Per︢ 
740 0 |a vLex Libros (Servicio en ln̕ea) 
856 4 0 |u https://app.vlex.com/#/sources/36922  |z Acceso restringido 
942 |c BOOK 
999 0 |a Constitutional Law 
999 0 |a Electoral Regime